00748 2200217 4500001002100000005001700021008004100038035002500079040001200104082000800116084001700124100001200141245012700153260011500280300004800395500001600443504003000459650001100489850001200500990001800512YOGYA-0113000000057920151020080417.0 ind  a0010-011300000000579 aYOPDYOG a630 aSK 630 Sut M aSUTARTO aMotivasi dan partisipasi petani dalam pelaksanaan proyek pengembangan ketahanan pangan di Kabupaten Sleman /coleh Sutarto aYogyakartabProgram Studi Penyuluhan dan Komunikasi Pertanian Fakultas Pertanian Universitas Gadjah Madac2003 aXII, 72, (19) lbr. :bilus., lamp. ;c29 cm aSkripsi UGM aBibliografi : (lbr.70-72) aPetani aYOPDYOG a42923-PD/A.12